Nomeie os campeões do mundo de Fórmula 1 dos últimos 25 anos - Statistics

Estatísticas Gerais
  • Esse quiz foi jogado 101 vezes
  • A pontuação média é 22 de 25
Estatísticas das Respostas
Hint Resposta % Correto
2020 Lewis Hamilton
99%
2019 Lewis Hamilton
99%
2018 Lewis Hamilton
99%
2017 Lewis Hamilton
99%
2015 Lewis Hamilton
99%
2014 Lewis Hamilton
99%
2008 Lewis Hamilton
99%
2024 Max Verstappen
94%
2023 Max Verstappen
94%
2022 Max Verstappen
94%
2021 Max Verstappen
94%
2013 Sebastian Vettel
90%
2012 Sebastian Vettel
90%
2011 Sebastian Vettel
90%
2010 Sebastian Vettel
90%
2006 Fernando Alonso
88%
2005 Fernando Alonso
88%
2004 Michael Schumacher
83%
2003 Michael Schumacher
83%
2002 Michael Schumacher
83%
2001 Michael Schumacher
83%
2020 Michael Schumacher
83%
2016 Nico Rosberg
83%
2007 Kimi Räikkönen
62%
2009 Jenson Button
56%
Nenhum quiz correspondente encontrado
Distribuição das Pontuações
Porcentagem de Pessoas com Cada Pontuação
Percentil de Números Respondidos
Sua Pontuação Histórica
Você não jogou esse quiz